Największe miasta na wyspach Kanaryjskich - Statystyki

Ogólne statystyki
  • Ten quiz został rozwiązany 2 razy
  • Średni wynik to 4 z 10
Statystyki odpowiedzi
Populacja Miasto % Poprawnych
384.023 Las Palmas de Gran Canaria
100%
211.498 Santa Cruz de Tenerife
100%
50.612 Adeje
50%
70.265 Arrecife
50%
54.925 San Bartholomé de Tirajana
50%
89.036 Arona
0%
59.126 Granadilla de Abona
0%
161.927 San Cristóbal de La Laguna
0%
79.506 Santa Lucía de Tirajana
0%
104.933 Telde
0%
Nie znaleziono quizów pasujących do podanych kryteriów
Rozkład punktacji
Procent ludzi z każdym wynikiem
Percentyl według liczby udzielonych odpowiedzi
Twoja historia wyników
Nie rozwiązałeś tego quizu